Original Narratives of Early American History Spanish Explorers in the Southern United States 1528-1543. The Narrative of Alvar Nunez Cabeca de Vaca. The Narrative Of The Expedition Of Hernando De Soto By The Gentleman Of Elvas

Saved in:
Bibliographic Details
Main Author: others
Other Authors: Vacandard, E., 1849-1927 (Elphège), Franklin, Jameson J. (Editor), Hodge, Frederick W. (Editor), Lewis, Theodore H. (Editor)
Format: eBook
Language:English
Published: Project Gutenberg, 2013
Series:Project Gutenberg 42841
Online Access:http://www.gutenberg.org/etext/42841
Rights
Tags: Add Tag
No Tags, Be the first to tag this record!
Call Number :

MARC

LEADER 00000cam a22000003a 4500
001 62143
003 MY-KLNDU
005 20241219024720.0
008 210402s2013||||xxu|||||s|||||000 | eng d
035 |a (PGUSA)42841 
039 9 |y 202104021425  |z VLOAD 
040 |a PGUSA  |b eng 
042 |a dc 
100 1 |a others 
245 1 0 |a Original Narratives of Early American History Spanish Explorers in the Southern United States 1528-1543. The Narrative of Alvar Nunez Cabeca de Vaca. The Narrative Of The Expedition Of Hernando De Soto By The Gentleman Of Elvas  |h [electronic reso 
260 |b Project Gutenberg,  |c 2013 
500 |a Project Gutenberg 
506 |a Freely available. 
516 |a Electronic text 
599 |a Dummy Record 
700 1 |a Vacandard, E., 1849-1927  |q (ElpheÌ€ge) 
700 1 |a Franklin, Jameson J.,  |e Editor 
700 1 |a Hodge, Frederick W.,  |e Editor 
700 1 |a Lewis, Theodore H.,  |e Editor 
830 0 |a Project Gutenberg  |v 42841 
856 4 0 |u http://www.gutenberg.org/etext/42841 
856 4 2 |u http://www.gutenberg.org/license  |3 Rights 
999 |a vtls000071182  |c 62143  |d 62143